000 00393nam a22001337a 4500
005 20260319121541.0
008 260319b |||||||| |||| 00| 0 eng d
040 _cFLL
041 _2eng
_aeng
100 _aYadav, Pooja
_91132539
245 _aConstitutional Protection to Third Gender
_bAn Analysis of Rights, Schemes and Prospects
260 _aDU
_bFaculty of Law
_c2023
942 _2CC
_cDIS
999 _c1715758
_d1715758